00560nam a22001697a 450000500170000001000150001702000260003203500130005803700130007108200080008410000250009224500910011726000320020827000780024030000220031850000500034020150811104835.0 aENG-113588 a9780415711159c795.00 aEN-97120 bDBAD/PUB a250 aRay, Himanshu Prabha aThe return of the Buddha :cby Himanshu Prabha Raybancient symbols for a new nation / aNew DelhibRoutledge c2014 a912 Tolstoy House, 15-17 Tolstoy Marg, Connaught PlacebNew Delhie110001 ax,300p.c23cm(Hb) aIncludes bibliographical references and index